000 00662nam a2200253Ia 4500
003 OSt
005 20221005091017.0
006 a|||||r|||| 00| 0
007 ta
008 221004b |||||||| |||| 00| 0 eng d
020 _a0195630351
024 _a77931
037 _cTextual
040 _aCRL
_cCRL
_beng
041 _2eng
_aeng
082 _aY5(T.7) .2, N2
100 _aBeteille Andre
245 0 _aBackward classes contemporary India
260 _aNew York
_bOxford university press U.K
_c1992
300 _a117p
_ccm.
650 _aSOCIOLOGY
942 _hY5(T.7) .2, N2
_cTEXL
_2cc
999 _c996712
_d996712